Central Library OPAC University of Rajshahi

The history of the popes, from the close of the Middle Ages : (Record no. 31217)

MARC details
000 -LEADER
fixed length control field 01837nam a2200409 a 4500
001 - CONTROL NUMBER
control field 31217
003 - CONTROL NUMBER IDENTIFIER
rucl marc code BD-RjUL
005 - DATE AND TIME OF LATEST TRANSACTION
control field 20211209051656.0
008 - FIXED-LENGTH DATA ELEMENTS--GENERAL INFORMATION
fixed length control field 140413s1950 enk 001 0 eng d
035 ## - SYSTEM CONTROL NUMBER
System control number (BD-RjUL)31304
040 ## - CATALOGING SOURCE
Original cataloging agency UkOxU
Language of cataloging eng
Transcribing agency UkOxU
Modifying agency BD-RjUL
041 1# - LANGUAGE CODE
Language code of text/sound track or separate title eng
Language code of original ger
082 ## - DEWEY DECIMAL CLASSIFICATION NUMBER
Classification number 270
Author mark and year PAH V-36 1950
100 1# - MAIN ENTRY--PERSONAL NAME
Personal name Pastor, Ludwig,
Dates associated with a name 1854-1928.
9 (RLIN) 94957
245 14 - TITLE STATEMENT
Title The history of the popes, from the close of the Middle Ages :
Remainder of title drawn from the secret archives of the Vatican and other original sources.
Number of part/section of a work Volume XXXVI /
Statement of responsibility, etc. from the German of Ludwig Pastor ; edited by E. F. Peeler.
Name of part/section of a work Benedict XIV.; Clement XII
246 15 - VARYING FORM OF TITLE
Title proper/short title History of the popes.
Title proper/short title History of the popes, from the close of the Middle Ages.
260 ## - PUBLICATION, DISTRIBUTION, ETC. (IMPRINT)
Place of publication, distribution, etc. London :
Name of publisher, distributor, etc. Kegan Paul, Trench, Trübner & Co.,
Date of publication, distribution, etc. 1950.
300 ## - PHYSICAL DESCRIPTION
Pagination xii, 513 p. ;
Size 23 cm.
500 ## - GENERAL NOTE
General note Translation of: Geschichte der Päpste seit dem Ausgang des Mittelalters.
504 ## - BIBLIOGRAPHY, ETC. NOTE
Bibliography, etc Includes bibliographical references and index.
600 00 - SUBJECT ADDED ENTRY--PERSONAL NAME
Personal name Clement
Titles and other words associated with a name Pope,
Dates associated with a name approximately 1260-1314.
Personal name Innocent
Titles and other words associated with a name Pope,
Dates associated with a name -1362.
Personal name Gregory
Titles and other words associated with a name Pope,
Dates associated with a name 1329-1378.
Personal name Urban
Titles and other words associated with a name Pope,
Dates associated with a name 1318-1389.
Personal name Boniface
Titles and other words associated with a name Pope,
Dates associated with a name approximately 1355-1404.
Personal name Innocent
Titles and other words associated with a name Pope,
Dates associated with a name 1336-1406.
Personal name Martin
Titles and other words associated with a name Pope,
Dates associated with a name 1368-1431.
Personal name Eugene
Titles and other words associated with a name Pope,
Dates associated with a name 1383-1447.
650 #0 - SUBJECT ADDED ENTRY--TOPICAL TERM
Topical term or geographic name as entry element Papacy
General subdivision History
Chronological subdivision 14th century.
9 (RLIN) 94966
Topical term or geographic name as entry element Church history
Chronological subdivision 14th century.
9 (RLIN) 94967
Topical term or geographic name as entry element Papacy
General subdivision History
Chronological subdivision 15th century.
9 (RLIN) 94385
Topical term or geographic name as entry element Church history
Chronological subdivision 15th century.
9 (RLIN) 94386
700 1# - ADDED ENTRY--PERSONAL NAME
Personal name Pastor, Ludwig,
Dates associated with a name 1854-1928.
Personal name E. F. Peeler.
942 ## - ADDED ENTRY ELEMENTS (KOHA)
Source of classification or shelving scheme Dewey Decimal Classification
Koha item type Books
Holdings
Lost status Source of classification or shelving scheme Damaged status Not for loan Permanent Location Current Location Shelving location Date acquired Source of acquisition Cost, normal purchase price Total Checkouts Full call number Date last seen Copy number Koha item type
  Dewey Decimal Classification   Not For Loan Central Library, University of Rajshahi Central Library, University of Rajshahi Reading Room 08/03/1955 Simpkai marshall 18.00   270 PAH V-36 1950 13/04/2014 C-1 Books